| 000 | 00699nam a2200205Ia 4500 | ||
|---|---|---|---|
| 003 | GCL | ||
| 008 | 140319s9999 xx 000 0 ara d | ||
| 040 |
_aGCL / _cGCL |
||
| 082 | 0 | 4 |
_aق _b395 _bم ا |
| 100 | 1 | _aمحمد عبدالحميد بسيونى | |
| 245 | 1 | 0 |
_aاداب السلوك عند المصريين القدماء / _cمحمد عبدالحميد بسيونى |
| 260 |
_a[S.N] : _bالهيئة المصرية العامة للكتاب ، _c1984 |
||
| 300 | _a125 ص | ||
| 490 | _a | ||
| 650 | 0 | 4 | _aالادب المصرى القديم |
| 650 | 0 | 4 | _aمصر القديمة |
| 650 | 0 | 4 | _aالسلوك الاجتماعى |
| 650 | 0 | 4 | _aقدماء المصريين |
| 942 |
_2ddc _cBK |
||
| 999 |
_c36446 _d36446 |
||